000 00365 a2200157 4500
001 59118
020 _a
040 _cAnchieta - Pituba
100 _aReymont, Wladyslaw Stanislaw
240 1 0 _aA lei do cnute e contos
_lpor
245 1 0 _aA lei do cnute e contos
300 _a196
362 0 _a1971
650 4 _aLiteratura indo-européia e celta
942 _cBK
999 _c59118
_d59118